[Event "British Champions"]
[Site "SchemingMind.com"]
[Date "2008.05.12"]
[Round "-"]
[White "CenturyBugs"]
[Black "esteves101"]
[Result "1/2-1/2"]
[WhiteCountry "ENG"]
[BlackCountry "PHI"]
[WhiteElo "2077"]
[WhiteRD "67"]
[BlackElo "2096"]
[BlackRD "62"]
[GameID "153951"]

1. c4 e5 2. Nc3 Nc6 3. Nf3 Nf6 4. e3 Be7 5. d4 exd4 6. Nxd4 O-O 7. Nxc6 dxc6 8. Be2 Qxd1+ 9. Bxd1 Rd8 10. O-O Bf5
11. Bf3 Bd3 12. Rd1 Bxc4 13. b3 Rxd1+ 14. Nxd1 Bd5 15. Bb2 Bxf3 16. gxf3 Rd8 17. Bd4 Nd5 18. Rc1 Nb4 19. Nb2 Nxa2 20. Ra1 c5
21. Be5 Nb4 22. f4 Na6 23. Kg2 f6 24. Bc3 Kf7 25. Ra5 c6 26. Kf3 Nc7 27. f5 Nb5 28. Be1 Bd6 29. h4 Bb8 30. Kg4 Rd5
31. f3 g6 32. fxg6+ hxg6 33. f4 f5+ 34. Kg3 Nd6 35. Ra3 Ne4+ 36. Kf3 Ke6 37. Ke2 b5 38. Ra6 Rd6 39. Ra1 Rd7 40. Ra6 Kd5
41. Kf3 Rb7 42. Nd3 Rd7 43. Nb2 Rb7 44. Nd3 Rd7 45. Nb2 Rb7 46. Nd3 Rd7 47. Nb2=
1/2-1/2

[Event "British Champions"]
[Site "SchemingMind.com"]
[Date "2008.05.10"]
[Round "-"]
[White "Talis"]
[Black "esteves101"]
[Result "1-0"]
[WhiteCountry "LTU"]
[BlackCountry "PHI"]
[WhiteElo "2207"]
[WhiteRD "90"]
[BlackElo "2129"]
[BlackRD "63"]
[GameID "153952"]

1. e4 e5 2. Nc3 Nf6 3. Bc4 Nc6 4. d3 Na5 5. Nge2 Nxc4 6. dxc4 d6 7. Qd3 Be7 8. O-O Be6 9. Nd5 O-O 10. Ng3 Nxd5
11. cxd5 Bg4 12. f3 Bd7 13. Qb3 Qc8 14. f4 exf4 15. Bxf4 Re8 16. Rf2 Bh4 17. Raf1 Re7 18. Rf3 Re8 19. c4 Bg4 20. R3f2 Re7
21. c5 dxc5 22. e5 b6 23. h3 Bd7 24. Qf3 Bb5 25. Rd1 Kh8 26. b3 Rd7 27. Qh5 Qd8 28. Rfd2 Bxg3 29. Bxg3 Qe8 30. Qf3 Rc8
31. a4 Ba6 32. Qf5 c4 33. bxc4 Bxc4 34. Rd4 Bb3 35. R1d2 c5 36. Rh4 g6 37. Qf6+ Kg8 38. e6 Rxd5 39. Rxd5 Qxe6 40. Qxe6 fxe6
41. Rd7 h5 42. Be5 Bc2 43. Rf4 Bf5 44. g4 hxg4 45. hxg4 Kf8 46. gxf5
1-0

[Event "British Champions"]
[Site "SchemingMind.com"]
[Date "2008.05.09"]
[Round "-"]
[White "Archon"]
[Black "_keyes"]
[Result "0-1"]
[WhiteCountry "CAN"]
[BlackCountry "ENG"]
[WhiteElo "1736"]
[WhiteRD "54"]
[BlackElo "1974"]
[BlackRD "66"]
[GameID "154025"]

1. d4 Nf6 2. Nf3 e6 3. Bf4 d6 4. e3 Be7 5. h3 O-O 6. c3 b6 7. Nbd2 Bb7 8. Bd3 Nbd7 9. O-O Nd5 10. Bh2 f5
11. Qc2 Rc8 12. e4 fxe4 13. Bxe4 N7f6 14. Bd3 c5 15. Rfe1 Qd7 16. Ne5 Qe8 17. Ng4 cxd4 18. Nxf6+ Nxf6 19. Rxe6 dxc3 20. bxc3 Qc6
21. Be4 Nxe4 22. Nxe4 Rf7 23. f3 Qd5 24. Rxd6 Bxd6 25. Nxd6 Qc5+ 26. Kh1 Rxf3 27. Nxb7 Qxc3 28. Qxc3 Rfxc3 29. Nd6 Rc1+ 30. Rxc1 Rxc1+
31. Bg1 Ra1 32. Kh2 Rxa2 33. Be3 Ra3 34. Bf2 Rd3 35. Nc8 Rd7 36. Nxa7 Rxa7 37. Bxb6 Ra2 38. Bd4 Rd2 39. Be3 Rd3 40. Bc5 Kf7
41. Bb6 Ke6 42. Kg1 h5 43. Kf2 Kf5 44. Bc5 g5 45. Bb6 Rb3 46. Ba7 g4 47. Bc5 gxh3 48. gxh3 Rxh3 49. Kg2 Kg4 50. Bb6 Rc3
0-1

[Event "British Champions"]
[Site "SchemingMind.com"]
[Date "2008.05.12"]
[Round "-"]
[White "Archon"]
[Black "badbishop"]
[Result "0-1"]
[WhiteCountry "CAN"]
[BlackCountry "POL"]
[WhiteElo "1704"]
[WhiteRD "55"]
[BlackElo "2225"]
[BlackRD "64"]
[GameID "154026"]

1. d4 Nf6 2. Nf3 g6 3. Bf4 Bg7 4. e3 d6 5. h3 O-O 6. Be2 Nc6 7. O-O Nd7 8. Bh2 e5 9. c4 exd4 10. exd4 Nb6
11. Nc3 Bf5 12. a3 a5 13. Rc1 Re8 14. Re1 Qf6 15. Bf1 Nxd4 16. Nxd4 Rxe1 17. Qxe1 Qxd4 18. c5 dxc5 19. Bxc7 Nd5 20. Nxd5 Qxd5
21. Bc4 Qd7 22. Bf4 Bxb2 23. Rd1 Bd4 24. Bf1 b6 25. Bh6 Re8 26. Qd2 Qe6 27. a4 Qe4 28. Bd3 Qxd3 29. Qxd3 Bxd3 30. Rxd3 Re2
31. Kh1 Rxf2
0-1

[Event "British Champions"]
[Site "SchemingMind.com"]
[Date "2008.05.10"]
[Round "-"]
[White "Archon"]
[Black "esteves101"]
[Result "0-1"]
[WhiteCountry "CAN"]
[BlackCountry "PHI"]
[WhiteElo "1704"]
[WhiteRD "55"]
[BlackElo "2081"]
[BlackRD "62"]
[GameID "154027"]

1. d4 Nf6 2. Nf3 Nc6 3. Bf4 e6 4. e3 Nh5 5. Nbd2 Nxf4 6. exf4 Qf6 7. c3 Qxf4 8. Bd3 d5 9. O-O Bd7 10. Re1 O-O-O
11. Ne5 Nxe5 12. dxe5 f6 13. Nf3 fxe5 14. Nxe5 Bc5 15. Qe2 Rdf8 16. Rf1 Bd6 17. Rae1 c5 18. g3 Qxe5 19. Qxe5 Bxe5 20. Rxe5 c4
21. f4 cxd3 22. Rd1 Bb5 23. Rd2 Kd7 24. a4 Bc4 25. a5 Rf5 26. Re1 Rc8
0-1

[Event "British Champions"]
[Site "SchemingMind.com"]
[Date "2008.05.08"]
[Round "-"]
[White "Archon"]
[Black "Schaakmaatje"]
[Result "0-1"]
[WhiteCountry "CAN"]
[BlackCountry "NED"]
[WhiteElo "1788"]
[WhiteRD "59"]
[BlackElo "1760"]
[BlackRD "46"]
[GameID "154028"]

1. d4 d5 2. Nf3 Bf5 3. Bf4 Nc6 4. e3 e6 5. c4 Bb4+ 6. Nbd2 Nge7 7. Be2 O-O 8. O-O h6 9. a3 Bd6 10. Ne5 Bxe5
11. dxe5 Ng6 12. Bg3 Ngxe5 13. cxd5 exd5 14. Nf3 Re8 15. Nxe5 Nxe5 16. Rc1 c6 17. Qd4 Qf6 18. b4 Nd7 19. Qxf6 Nxf6 20. Rfd1 Ne4
21. a4 Nxg3 22. hxg3 Rad8 23. b5 d4 24. bxc6 bxc6 25. Bd3 Bxd3 26. exd4 Be4 27. f3 Bd5 28. Kf2 Rb8
0-1

[Event "British Champions"]
[Site "SchemingMind.com"]
[Date "2008.05.10"]
[Round "-"]
[White "Archon"]
[Black "CenturyBugs"]
[Result "0-1"]
[WhiteCountry "CAN"]
[BlackCountry "ENG"]
[WhiteElo "1788"]
[WhiteRD "59"]
[BlackElo "2062"]
[BlackRD "78"]
[GameID "154029"]

1. d4 d5 2. Nf3 Nc6 3. Bf4 Bf5 4. e3 Nb4 5. c3 Nc2+ 6. Kd2 Nxa1 7. Bd3 Bxd3 8. Kxd3 e5 9. Nxe5 Qf6 10. Kd2 Qb6
11. Kc1 a6 12. Qa4+ c6 13. Nd2 f6 14. Nef3 g5 15. Bg3 g4 16. Nh4 Ne7 17. Kb1 O-O-O 18. Kxa1 Bh6 19. Nb3 Rhf8 20. Nc5 Rf7
21. h3 f5 22. Nd3 Bg7 23. hxg4 fxg4 24. Nc5 Re8 25. Ne6 Bh6 26. Nc5 Bf8 27. Ne6 Nf5 28. Nxf8 Nxg3 29. fxg3 Rf2 30. Qa3 Qb5
31. Nxh7 Qf1+
0-1

[Event "British Champions"]
[Site "SchemingMind.com"]
[Date "2008.05.08"]
[Round "-"]
[White "Archon"]
[Black "Talis"]
[Result "0-1"]
[WhiteCountry "CAN"]
[BlackCountry "LTU"]
[WhiteElo "1704"]
[WhiteRD "55"]
[BlackElo "2180"]
[BlackRD "91"]
[GameID "154030"]

1. d4 f5 2. Nf3 Nf6 3. Bf4 e6 4. e3 b6 5. Nbd2 Bb7 6. c3 Be7 7. h3 O-O 8. a4 a5 9. Be2 Nd5 10. Bh2 d6
11. O-O Nd7 12. Qc2 Rc8 13. Qd1 c5 14. Rc1 N7f6 15. Nb1 Ne4 16. Na3 Bf6 17. Nb5 cxd4 18. exd4 Nc7 19. Nd2 Nxb5 20. Bxb5 Bg5
21. f4 Bh6 22. Nxe4 fxe4 23. Qb3 Bd5 24. c4 Bb7 25. Rce1 d5 26. f5 Bd2 27. Re2 dxc4 28. Bxc4 Qxd4+ 29. Kh1 Qxc4 30. Qxc4 Rxc4
31. Rxd2 exf5 32. Bf4 h6 33. b3 Rc3 34. Bd6 Rd8 35. b4 e3 36. Rd4 Rc2 37. Bc5 Re8 38. Rd7 Bxg2+
0-1

[Event "British Champions"]
[Site "SchemingMind.com"]
[Date "2008.05.08"]
[Round "-"]
[White "_keyes"]
[Black "Archon"]
[Result "0-1"]
[WhiteCountry "ENG"]
[BlackCountry "CAN"]
[WhiteElo "1974"]
[WhiteRD "66"]
[BlackElo "1736"]
[BlackRD "54"]
[GameID "154031"]

1. d4 d6 2. c4 e5 3. d5 g6 4. Nc3 Nd7 5. e4 a5 6. Be3 Bg7 7. Qd2 f5 8. Bg5 Ngf6 9. f3 Nc5 10. Nge2 O-O
11. exf5 gxf5 12. Ng3 f4 13. Nge4 Ncxe4 14. fxe4 Bd7 15. O-O-O Qe8 16. Bxf6 Rxf6 17. Be2 Rg6 18. Bh5 Bh6 19. Bxg6 hxg6 20. Kc2 Kg7
21. Qf2 b5 22. c5 b4 23. Ne2 Ba4+ 24. b3 Bb5 25. c6 a4 26. Ra1 Bxc6 27. g3 Bb5 28. g4 Qb8 29. Nc1 axb3+ 30. Nxb3 Ba4
31. h4 Kg8 32. g5 Bg7 33. h5 Qb5 34. hxg6 Qc4+ 35. Kd2 Qc3+ 36. Ke2 Bxb3 37. Rhc1 Bc4+ 38. Kd1 Bb3+ 39. Ke2 Rxa2+ 40. Rxa2 Qxc1
41. Ra8+ Bf8 42. Qh4 Bc4+ 43. Kf2 Qf1#
0-1

[Event "British Champions"]
[Site "SchemingMind.com"]
[Date "2008.05.12"]
[Round "-"]
[White "badbishop"]
[Black "Archon"]
[Result "1-0"]
[WhiteCountry "POL"]
[BlackCountry "CAN"]
[WhiteElo "2225"]
[WhiteRD "64"]
[BlackElo "1704"]
[BlackRD "55"]
[GameID "154032"]

1. d4 d6 2. e4 Nf6 3. Nc3 g6 4. Be3 c6 5. h3 Nbd7 6. f4 b5 7. a3 Nb6 8. Nf3 Bb7 9. Bd3 Bg7 10. O-O Qc7
11. Qe1 a6 12. e5 Nfd7 13. Ng5 Nc4 14. e6 Nf6 15. exf7+ Kd7 16. f5 c5 17. dxc5 Nxe3 18. Qxe3 Qxc5 19. Qxc5 dxc5 20. Rad1 Kc6
21. Ne6 Bh6 22. fxg6 Be3+ 23. Kh2 hxg6 24. f8=Q Raxf8 25. Nxf8 Rxf8 26. Be4+ Kb6 27. Bxb7 Kxb7 28. Nd5 Bd4 29. Nxf6 Rxf6 30. Rxf6 exf6
31. c3 Be5+ 32. g3 Kc7 33. Kg2 c4 34. Kf3 Kc8 35. g4 Kc7 36. h4 Kc8 37. Rd5 Kc7 38. Rxe5 fxe5 39. h5
1-0

[Event "British Champions"]
[Site "SchemingMind.com"]
[Date "2008.05.10"]
[Round "-"]
[White "esteves101"]
[Black "Archon"]
[Result "1-0"]
[WhiteCountry "PHI"]
[BlackCountry "CAN"]
[WhiteElo "2096"]
[WhiteRD "62"]
[BlackElo "1736"]
[BlackRD "54"]
[GameID "154033"]

1. e4 d6 2. d4 Nf6 3. Nc3 g6 4. Nf3 Bg7 5. Bc4 O-O 6. Qe2 c6 7. O-O d5 8. Bb3 Bg4 9. e5 Bxf3 10. Qxf3 Nfd7
11. Re1 e6 12. Qg4 c5 13. Bg5 Qb6 14. Be7 Re8 15. dxc5 Nxc5 16. Bd6 Nbd7 17. Rad1 a6 18. Qf4 Bf8 19. Bxc5 Nxc5 20. Re3 Nd7
21. Ne4 dxe4 22. Rxd7 Re7 23. Rxe7 Bxe7 24. Qxe4 Rd8 25. Rd3 Rxd3 26. Qxd3 Qc6 27. c3 Qc7 28. Qe2 Qd7 29. g3 Bc5 30. Kg2 Qc6+
31. f3 Bb6 32. Bc4 Bc7 33. Bd3 Qd5 34. Be4 Qxa2 35. Bxb7 a5 36. f4 Bb6 37. Kh3 a4 38. Ba6 Qb1 39. Bb5 Qf5+ 40. Kg2 Qe4+
41. Qxe4
1-0

[Event "British Champions"]
[Site "SchemingMind.com"]
[Date "2008.05.08"]
[Round "-"]
[White "Schaakmaatje"]
[Black "Archon"]
[Result "1-0"]
[WhiteCountry "NED"]
[BlackCountry "CAN"]
[WhiteElo "1760"]
[WhiteRD "46"]
[BlackElo "1788"]
[BlackRD "59"]
[GameID "154034"]

1. e4 d6 2. d4 Nf6 3. Bd3 g6 4. e5 Nfd7 5. f4 c5 6. c3 Bg7 7. Nf3 Nc6 8. d5 Ncb8 9. exd6 exd6 10. Qe2+ Qe7
11. Qxe7+ Kxe7 12. f5 Re8 13. O-O Kf8 14. Bf4 Ne5 15. Bb5 Bd7 16. Bxd7 Nbxd7 17. Ng5 Kg8 18. Nd2 b5 19. Nde4 Bf8 20. Rae1 Kg7
21. fxg6 hxg6 22. Re3 Be7 23. Rh3 Rh8 24. Bc1 Rxh3 25. Nxh3 Rh8 26. Bg5 Rxh3 27. Bxe7 Re3 28. Nxd6 Nf3+ 29. Rxf3 Rxe7 30. Nxb5 a6
31. Nd6 Re2 32. Rxf7+
1-0

[Event "British Champions"]
[Site "SchemingMind.com"]
[Date "2008.05.10"]
[Round "-"]
[White "CenturyBugs"]
[Black "Archon"]
[Result "1-0"]
[WhiteCountry "ENG"]
[BlackCountry "CAN"]
[WhiteElo "2062"]
[WhiteRD "78"]
[BlackElo "1788"]
[BlackRD "59"]
[GameID "154035"]

1. c4 e5 2. Nc3 d6 3. Nf3 f5 4. d4 e4 5. Nd2 Nf6 6. e3 g6 7. Be2 Bg7 8. O-O a5 9. f3 exf3 10. Bxf3 O-O
11. c5 dxc5 12. Qb3+ Kh8 13. Bxb7 Bxb7 14. Qxb7 Na6 15. Nb3 cxd4 16. exd4 Nb4 17. Bf4 Nfd5 18. Nxd5 Nxd5 19. Rad1 a4 20. Nc5 Nxf4
21. Rxf4 Qg5 22. Ne6 Qe7 23. Nxf8 Qxf8 24. Qxc7 Qb4 25. d5 Qxb2 26. Rxa4 Re8 27. d6 Qe5 28. Qc4 Qe3+ 29. Kf1 Re4 30. Ra8+ Re8
31. d7
1-0

[Event "British Champions"]
[Site "SchemingMind.com"]
[Date "2008.05.08"]
[Round "-"]
[White "Talis"]
[Black "Archon"]
[Result "1-0"]
[WhiteCountry "LTU"]
[BlackCountry "CAN"]
[WhiteElo "2073"]
[WhiteRD "98"]
[BlackElo "1813"]
[BlackRD "58"]
[GameID "154036"]

1. e4 d6 2. d4 Nf6 3. Nc3 g6 4. f4 Bg7 5. Nf3 O-O 6. Be3 Nbd7 7. Qd2 c5 8. O-O-O Ng4 9. Bg1 cxd4 10. Nxd4 e5
11. Ndb5 exf4 12. Be2 f3 13. gxf3 Bh6 14. f4 Nde5 15. Kb1 Qh4 16. Nc7 Nf2 17. Bxf2 Qxf2 18. Nxa8 Bxf4 19. Qxd6 Bg4 20. Rdf1 Qe3
21. Bxg4 Nf3 22. Rxf3 Qxf3 23. Qxf8+
1-0

[Event "British Champions"]
[Site "SchemingMind.com"]
[Date "2008.05.16"]
[Round "-"]
[White "startstek"]
[Black "Archon"]
[Result "0-1"]
[WhiteCountry "ALG"]
[BlackCountry "CAN"]
[WhiteElo "1985"]
[WhiteRD "87"]
[BlackElo "1736"]
[BlackRD "54"]
[GameID "154446"]

1. e4 d6 2. d4 Nf6 3. Nc3 g6 4. Be3 c6 5. f3 b5 6. Qd2 Nbd7 7. g4 h6 8. Nge2 Bb7 9. h4 Nb6 10. Ng3 Nfd7
11. a3 a6 12. g5 h5 13. Bd3 Bg7 14. Nce2 O-O 15. O-O Rc8 16. c3 c5 17. Rac1 cxd4 18. cxd4 Kh7 19. f4 Qe8 20. Rxc8 Bxc8
21. f5 Bb7 22. Qd1 Qc8 23. Nf4 Nc4 24. Bxc4 Qxc4
0-1

[Event "British Champions"]
[Site "SchemingMind.com"]
[Date "2008.05.16"]
[Round "-"]
[White "startstek"]
[Black "badbishop"]
[Result "1-0"]
[WhiteCountry "ALG"]
[BlackCountry "POL"]
[WhiteElo "2017"]
[WhiteRD "82"]
[BlackElo "2195"]
[BlackRD "71"]
[GameID "154447"]

1. e4 c6 2. d4 d5 3. Nc3 dxe4 4. Nxe4 Bf5 5. Ng3 Bg6 6. Nf3 Nd7 7. h4 h6 8. h5 Bh7 9. Bd3 Bxd3 10. Qxd3 e6
11. Bd2 Ngf6 12. O-O-O Be7 13. Qe2 O-O 14. Kb1 Qb6 15. Ne4 Nxe4 16. Qxe4 Rfd8 17. c4 c5 18. Bc3 Nf6 19. Qe2 cxd4 20. Nxd4 Rac8
21. Nf5 exf5 22. Qxe7 Ne4 23. Qe5
1-0

[Event "British Champions"]
[Site "SchemingMind.com"]
[Date "2008.05.16"]
[Round "-"]
[White "startstek"]
[Black "esteves101"]
[Result "0-1"]
[WhiteCountry "ALG"]
[BlackCountry "PHI"]
[WhiteElo "2017"]
[WhiteRD "82"]
[BlackElo "2129"]
[BlackRD "63"]
[GameID "154448"]

1. e4 e5 2. Nf3 Nf6 3. Nxe5 Qe7 4. d4 d6 5. Nf3 Nxe4 6. Be3 d5 7. Nc3 Nxc3 8. bxc3 Nc6 9. Bd3 Bg4 10. O-O Qf6
11. Re1 Be7 12. Rb1 Bxf3 13. Qxf3 Qxf3 14. gxf3 O-O-O 15. Bf4 Rhe8 16. Bb5 Bd6 17. Bg3 a6 18. Bxc6 Rxe1+ 19. Rxe1 bxc6 20. Re2 Kd7
21. Re1 Rb8 22. Bxd6 Kxd6 23. a4 Rb2 24. Re8 Rxc2 25. Rf8 Rxc3 26. Rxf7 Rc4 27. Rxg7 Rxd4 28. Rxh7 Rxa4 29. Kf1 d4 30. Rh8 Ra1+
31. Ke2 Ra2+ 32. Ke1 c5 33. h4 c4 34. Rd8+ Kc5 35. h5 c3 36. Kd1 Kc4 37. h6 d3
0-1

[Event "British Champions"]
[Site "SchemingMind.com"]
[Date "2008.05.16"]
[Round "-"]
[White "startstek"]
[Black "Schaakmaatje"]
[Result "0-1"]
[WhiteCountry "ALG"]
[BlackCountry "NED"]
[WhiteElo "1957"]
[WhiteRD "78"]
[BlackElo "1851"]
[BlackRD "48"]
[GameID "154449"]

1. e4 c6 2. d4 d5 3. Nc3 dxe4 4. Nxe4 Bf5 5. Ng3 Bg6 6. Nf3 Nd7 7. h4 h6 8. h5 Bh7 9. Bd3 Bxd3 10. Qxd3 Ngf6
11. Bd2 e6 12. O-O-O Qc7 13. Ne4 Nd5 14. g3 a5 15. c4 Nb4 16. Qb1 Be7 17. a3 Na6 18. Bf4 Qb6 19. c5 Qb3 20. Qd3 Qd5
21. Bd6 Bxd6 22. Nxd6+ Ke7 23. Kb1 Rab8 24. Rh4 b6 25. Nxf7 Kxf7 26. Qg6+ Kg8 27. Rg4 Rh7 28. Rf4 Rf8 29. Ne5 Nf6 30. Qd3 Nxc5
31. Qe2 Nce4 32. Ng6 Re8 33. Qe1 Ng5 34. Qe2 Rh8 35. Nxh8 Kxh8 36. Rh4 Rd8 37. f4 Nf3 38. Rhh1 Nxd4 39. Qa6 Qb3 40. Qd3 Qxd3+
41. Rxd3 Rd5 42. g4 Nxg4 43. Rhd1 Nf2 44. Rxd4 Nxd1
0-1

[Event "British Champions"]
[Site "SchemingMind.com"]
[Date "2008.05.16"]
[Round "-"]
[White "startstek"]
[Black "CenturyBugs"]
[Result "0-1"]
[WhiteCountry "ALG"]
[BlackCountry "ENG"]
[WhiteElo "1985"]
[WhiteRD "87"]
[BlackElo "2077"]
[BlackRD "67"]
[GameID "154450"]

1. e4 e5 2. Nf3 Nc6 3. Bb5 a6 4. Ba4 Nf6 5. O-O Nxe4 6. d4 b5 7. Bb3 d5 8. dxe5 Be6 9. Nbd2 Nc5 10. c3 Be7
11. Bc2 O-O 12. Nd4 Nxe5 13. Qh5 Ng6 14. f4 Bd6 15. f5 Nf4 16. Rxf4 Bxf4 17. fxe6 g6 18. Qf3 fxe6 19. Qh3 e5 20. N4b3 Qd7
21. Qxd7 Nxd7 22. Nf3 e4
0-1

[Event "British Champions"]
[Site "SchemingMind.com"]
[Date "2008.05.16"]
[Round "-"]
[White "startstek"]
[Black "Talis"]
[Result "1/2-1/2"]
[WhiteCountry "ALG"]
[BlackCountry "LTU"]
[WhiteElo "2017"]
[WhiteRD "82"]
[BlackElo "2207"]
[BlackRD "90"]
[GameID "154451"]

1. e4 e5 2. Nf3 Nc6 3. Bb5 f5 4. Nc3 fxe4 5. Nxe4 Nf6 6. Nxf6+ Qxf6 7. Qe2 Be7 8. Bxc6 dxc6 9. Nxe5 Bf5 10. d3 O-O
11. O-O Rae8 12. f4 Bd6 13. d4 Bxe5 14. dxe5 Qg6 15. Rf2 Rd8 16. Be3 Rd5 17. Raf1=
1/2-1/2

[Event "British Champions"]
[Site "SchemingMind.com"]
[Date "2008.05.16"]
[Round "-"]
[White "_keyes"]
[Black "startstek"]
[Result "1-0"]
[WhiteCountry "ENG"]
[BlackCountry "ALG"]
[WhiteElo "1974"]
[WhiteRD "66"]
[BlackElo "1985"]
[BlackRD "87"]
[GameID "154452"]

1. d4 Nf6 2. c4 g6 3. Nc3 Bg7 4. e4 d6 5. f3 O-O 6. Be3 e5 7. d5 Nh5 8. Qd2 f5 9. exf5 gxf5 10. Bg5 Bf6
11. Bh6 Bg7 12. Bg5 Qe8 13. O-O-O Na6 14. Bd3
1-0

[Event "British Champions"]
[Site "SchemingMind.com"]
[Date "2008.05.16"]
[Round "-"]
[White "Archon"]
[Black "startstek"]
[Result "0-1"]
[WhiteCountry "CAN"]
[BlackCountry "ALG"]
[WhiteElo "1740"]
[WhiteRD "56"]
[BlackElo "2017"]
[BlackRD "82"]
[GameID "154453"]

1. d4 Nf6 2. Nf3 g6 3. Bf4 Bg7 4. e3 O-O 5. h3 d6 6. Be2 Nbd7 7. O-O Qe8 8. Bh2 e5 9. c4 Ne4 10. Nc3 Nxc3
11. bxc3 b6 12. a4 a5 13. Rc1 Bb7 14. Qb3 Kh8 15. Rfe1 Bc6 16. Ra1 e4 17. Nd2 Qe7 18. Rac1 f5 19. Qa2 g5 20. Rb1 Rae8
21. Bh5 Rc8 22. Qc2 Nf6 23. Bd1 Rce8 24. Qa2 Qf7 25. Bb3 Qh5 26. Bd1 Qf7 27. Bb3 Qd7 28. Bd1 h5 29. Ra1 Bh6 30. Kh1 f4
31. Nxe4 Bxe4 32. f3 Bb7 33. e4 g4 34. fxg4 hxg4 35. hxg4 Nxg4 36. Bg1 Bxe4
0-1

[Event "British Champions"]
[Site "SchemingMind.com"]
[Date "2008.05.16"]
[Round "-"]
[White "badbishop"]
[Black "startstek"]
[Result "0-1"]
[WhiteCountry "POL"]
[BlackCountry "ALG"]
[WhiteElo "2222"]
[WhiteRD "69"]
[BlackElo "1985"]
[BlackRD "87"]
[GameID "154454"]

1. d4 Nf6 2. c4 g6 3. Nc3 Bg7 4. e4 d6 5. Bd3 O-O 6. Nge2 Nc6 7. O-O Nh5 8. Be3 e5 9. d5 Ne7 10. Qd2 f5
11. exf5 gxf5 12. Ng3 Nf6 13. f4 e4 14. Be2 a6 15. b4 Qe8 16. c5 h5
0-1

[Event "British Champions"]
[Site "SchemingMind.com"]
[Date "2008.05.16"]
[Round "-"]
[White "esteves101"]
[Black "startstek"]
[Result "1-0"]
[WhiteCountry "PHI"]
[BlackCountry "ALG"]
[WhiteElo "2129"]
[WhiteRD "63"]
[BlackElo "2017"]
[BlackRD "82"]
[GameID "154455"]

1. e4 e5 2. Nf3 Nc6 3. d4 exd4 4. Nxd4 Bc5 5. Nb3 Bb6 6. Nc3 d6 7. Bb5 Ne7 8. O-O O-O 9. Bg5 a6 10. Bxc6 bxc6
11. Nd4 f6 12. Be3 d5 13. exd5 cxd5 14. Qf3 c5 15. Nb3 Rb8 16. Rad1 d4 17. Bf4 Bb7 18. Qe2 Rc8 19. Na4 Ba7 20. Qe6+ Kh8
21. Bd6 Re8 22. Bxc5 Ng6 23. Qg4 Ne5 24. Qxd4 Bb8 25. Qxd8 Rcxd8 26. Rxd8 Rxd8 27. Re1 h5 28. Bb6 Re8 29. Nd4 Rc8 30. b3 Kg8
31. Nc5 Nc6 32. Nxb7
1-0

[Event "British Champions"]
[Site "SchemingMind.com"]
[Date "2008.05.11"]
[Round "-"]
[White "Schaakmaatje"]
[Black "startstek"]
[Result "0-1"]
[WhiteCountry "NED"]
[BlackCountry "ALG"]
[WhiteElo "1768"]
[WhiteRD "47"]
[BlackElo "2195"]
[BlackRD "108"]
[GameID "154456"]

1. e4 e5 2. Nf3 Nc6 3. Bc4 Nf6 4. Nc3 Nxe4 5. Bxf7+ Kxf7 6. Nxe4 d5 7. Neg5+ Kg8 8. d4 h6 9. Nh3 Bg4 10. Qd2 Bxf3
11. gxf3 Nxd4 12. Qd3 Qf6 13. f4 e4
0-1

[Event "British Champions"]
[Site "SchemingMind.com"]
[Date "2008.05.16"]
[Round "-"]
[White "CenturyBugs"]
[Black "startstek"]
[Result "1-0"]
[WhiteCountry "ENG"]
[BlackCountry "ALG"]
[WhiteElo "2063"]
[WhiteRD "70"]
[BlackElo "1957"]
[BlackRD "78"]
[GameID "154457"]

1. Nf3 Nf6 2. d4 g6 3. c4 Bg7 4. Nc3 O-O 5. e4 d6 6. Be2 e5 7. Be3 Ng4 8. Bg5 f6 9. Bh4 Nc6 10. d5 Ne7
11. O-O Nh6 12. b4 Nf7 13. Qc2 g5 14. Bg3 Ng6 15. c5 Nf4 16. Bxf4 gxf4 17. cxd6 Nxd6 18. Nb5 Nxb5 19. Bxb5 Rf7 20. Rfc1 Bf8
21. a3 Bd6 22. Qc3 Kh8 23. Rc2 Rg7 24. Rac1 Qe7 25. Kh1 a6 26. Be2 Bd7 27. Bd3 Rag8 28. Bf1 Rg4 29. Ne1 Qg7 30. Kg1 h5
31. Kh1 h4 32. f3 Rg5 33. Nd3 h3 34. Ne1 Rh5 35. Kg1 Qh7 36. g3 fxg3 37. hxg3 Rxg3+ 38. Kh2 Qg6 39. Qe3 Rg2+ 40. Kh1 f5
41. Qa7 b6 42. Qb8+ Kg7 43. Nxg2 hxg2+ 44. Kg1 Rh1+ 45. Kf2 g1=Q+ 46. Ke2 Bb5+ 47. Rc4 Bxc4+ 48. Rxc4 Qxf1+ 49. Kd2
1-0

[Event "British Champions"]
[Site "SchemingMind.com"]
[Date "2008.05.16"]
[Round "-"]
[White "Talis"]
[Black "startstek"]
[Result "1/2-1/2"]
[WhiteCountry "LTU"]
[BlackCountry "ALG"]
[WhiteElo "2207"]
[WhiteRD "90"]
[BlackElo "2017"]
[BlackRD "82"]
[GameID "154458"]

1. e4 e5 2. Nc3 Nf6 3. Bc4 Nc6 4. d3 Na5 5. Bb3 Nxb3 6. axb3 d5 7. exd5 Bb4 8. Bd2 Nxd5 9. Nf3 O-O 10. O-O Nxc3
11. bxc3 Bd6 12. Re1 Qf6 13. h3 Bd7 14. d4 exd4 15. cxd4 Bc6 16. Ne5 Bxe5= 17. Rxe5 Rfe8 18. Rxe8+ Rxe8 19. Be3 a6 20. c4 Be4
21. Ra5 h6 22. Qg4 Qg6 23. Qxg6=
1/2-1/2

[Event "British Champions"]
[Site "SchemingMind.com"]
[Date "2008.05.16"]
[Round "-"]
[White "z"]
[Black "startstek"]
[Result "0-1"]
[WhiteCountry "IRQ"]
[BlackCountry "ALG"]
[WhiteElo "1754"]
[WhiteRD "60"]
[BlackElo "1957"]
[BlackRD "78"]
[GameID "154516"]

1. b4 e6 2. Bb2 Nf6 3. b5 d5 4. e3 a6 5. a4 axb5 6. axb5 Rxa1 7. Bxa1 Bd6 8. Nf3 Nbd7 9. c4 O-O 10. Be2 c6
11. O-O e5 12. d3 Bb8 13. Nbd2 e4 14. Nd4 exd3 15. Bxd3 Ne5 16. Be2 Qd6 17. g3 c5 18. N4f3 Neg4 19. Re1 Nxf2 20. Kxf2 Ng4+
21. Kg1 Nxh2 22. Nf1 Nxf1 23. Bxf1 Qxg3+ 24. Bg2 Bh3 25. Qe2 dxc4 26. Qf2 Bd7 27. Qxg3 Bxg3 28. Rb1 Re8 29. Nd2 Rxe3 30. Nxc4 Re2
31. Bxb7 Rc2 32. Na5 Ra2 33. Nc4 Bxb5 34. Rxb5 Rxa1+ 35. Kg2 Bf4 36. Rxc5 g6 37. Ne5 Ra7 38. Be4 Re7 39. Nxg6 hxg6 40. Kf3 Bh6
41. Rc2 Ra7 42. Rc6 Kg7 43. Kg4 f5+ 44. Bxf5 Ra4+ 45. Kg3 gxf5 46. Rc5 Kg6 47. Rc6+ Kg5 48. Rc8 Ra3+ 49. Kf2 Kg4 50. Rg8+ Bg5
51. Rg7 Ra2+ 52. Ke1 Kf4 53. Kd1 Kg4 54. Rg8 f4 55. Ke1 f3 56. Rg6 Kf4 57. Rg7 Bh4+ 58. Kd1 f2 59. Rf7+ Kg3 60. Rg7+ Kh3
61. Rf7 Kg2 62. Rg7+ Bg3
0-1

[Event "British Champions"]
[Site "SchemingMind.com"]
[Date "2008.05.11"]
[Round "-"]
[White "z"]
[Black "_keyes"]
[Result "0-1"]
[WhiteCountry "IRQ"]
[BlackCountry "ENG"]
[WhiteElo "1782"]
[WhiteRD "54"]
[BlackElo "1985"]
[BlackRD "74"]
[GameID "154517"]

1. b4 e6 2. Bb2 Nf6 3. b5 b6 4. e3 Bb7 5. Nf3 Be7 6. c4 O-O 7. Be2 c5 8. O-O d5 9. d4 cxd4 10. exd4 Nbd7
11. Nbd2 Rc8 12. Qa4 Qc7 13. Rfc1 Qb8 14. Rc3 Bd6 15. Ba3 Bxa3 16. Rxa3 dxc4 17. Nxc4 Qc7 18. Nfd2 Nd5 19. Ne4 Nf4 20. Ned6 Nxe2+
21. Kf1 Bxg2+ 22. Kxe2 Ra8 23. Qb4 Nf6 24. Ne3 Bd5 25. Rc3 Qe7 26. Rb1 Rfd8 27. Ndc4 Qxb4 28. Rxb4 Bxc4+ 29. Rbxc4 h6 30. Kd3 g6
31. Rc7 e5 32. Nc2 Nd5 33. R3c6 Nxc7 34. Rxc7 exd4 35. Nxd4 a6 36. a4 axb5 37. axb5 Ra4
0-1